<?xml version="1.0" encoding="UTF-8"?>
<record
    xmlns:xsi="http://www.w3.org/2001/XMLSchema-instance"
    xsi:schemaLocation="http://www.loc.gov/MARC21/slim http://www.loc.gov/standards/marcxml/schema/MARC21slim.xsd"
    xmlns="http://www.loc.gov/MARC21/slim">

  <leader>00885nam a2200253 i 4500</leader>
  <datafield tag="999" ind1=" " ind2=" ">
    <subfield code="c">8026</subfield>
    <subfield code="d">8026</subfield>
  </datafield>
  <controlfield tag="001">991061303412506706</controlfield>
  <controlfield tag="003">OSt</controlfield>
  <controlfield tag="005">20250617113419.0</controlfield>
  <controlfield tag="008">250320e202502  spc||||  |||| 0|0 0dcat| </controlfield>
  <datafield tag="020" ind1=" " ind2=" ">
    <subfield code="a">9788411731218</subfield>
  </datafield>
  <datafield tag="040" ind1=" " ind2=" ">
    <subfield code="c">CDMR</subfield>
    <subfield code="b">cat</subfield>
  </datafield>
  <datafield tag="100" ind1="1" ind2=" ">
    <subfield code="a">Batista, Antoni,</subfield>
    <subfield code="d">1952-</subfield>
    <subfield code="e">autor</subfield>
  </datafield>
  <datafield tag="245" ind1="1" ind2="3">
    <subfield code="a">La veritat del cas Comorera :</subfield>
    <subfield code="b">una hist&#xF2;ria d'espionatge, persecuci&#xF3; i tra&#xEF;cions /</subfield>
    <subfield code="c">Antoni Batista</subfield>
  </datafield>
  <datafield tag="264" ind1=" " ind2="1">
    <subfield code="a">Barcelona :</subfield>
    <subfield code="b">Ara Llibres,</subfield>
    <subfield code="c">2025</subfield>
  </datafield>
  <datafield tag="300" ind1=" " ind2=" ">
    <subfield code="a">237 p&#xE0;gines ;</subfield>
    <subfield code="c">22 cm</subfield>
  </datafield>
  <datafield tag="600" ind1="1" ind2="7">
    <subfield code="a">Comorera, Joan,</subfield>
    <subfield code="d">1895-1958</subfield>
  </datafield>
  <datafield tag="600" ind1="1" ind2="7">
    <subfield code="a">Comorera, Joan,</subfield>
    <subfield code="d">1895-1958</subfield>
    <subfield code="x">Punts de vista pol&#xED;tics i socials.</subfield>
  </datafield>
  <datafield tag="600" ind1="1" ind2="7">
    <subfield code="a">Creix, Antonio Juan</subfield>
  </datafield>
  <datafield tag="650" ind1=" " ind2="7">
    <subfield code="a">Pol&#xED;tics</subfield>
    <subfield code="z">Catalunya</subfield>
    <subfield code="v">Biografia.</subfield>
  </datafield>
  <datafield tag="650" ind1=" " ind2="0">
    <subfield code="a">Periodisme d'investigaci&#xF3;</subfield>
    <subfield code="9">3353</subfield>
  </datafield>
  <datafield tag="650" ind1=" " ind2="0">
    <subfield code="a">Persecucions pol&#xED;tiques</subfield>
    <subfield code="9">3170</subfield>
    <subfield code="y">S.XX</subfield>
    <subfield code="z">Catalunya</subfield>
  </datafield>
  <datafield tag="651" ind1=" " ind2="0">
    <subfield code="9">4705</subfield>
    <subfield code="a">Catalunya</subfield>
    <subfield code="v">Hist&#xF2;ria</subfield>
    <subfield code="y">s. XX</subfield>
  </datafield>
  <datafield tag="942" ind1=" " ind2=" ">
    <subfield code="2">udc</subfield>
    <subfield code="c">MON</subfield>
  </datafield>
  <datafield tag="952" ind1=" " ind2=" ">
    <subfield code="0">0</subfield>
    <subfield code="1">0</subfield>
    <subfield code="4">0</subfield>
    <subfield code="7">0</subfield>
    <subfield code="a">CDMR</subfield>
    <subfield code="b">CDMR</subfield>
    <subfield code="d">2025-06-17</subfield>
    <subfield code="e">Donaci&#xF3;</subfield>
    <subfield code="g">21.37</subfield>
    <subfield code="l">0</subfield>
    <subfield code="o">Dk 6/25</subfield>
    <subfield code="p">CDMR25061258</subfield>
    <subfield code="r">2025-06-17</subfield>
    <subfield code="w">2025-06-17</subfield>
    <subfield code="y">MON</subfield>
  </datafield>
</record>
